| 000 | 00983nam a2200265Ia 4500 | ||
|---|---|---|---|
| 003 | OSt | ||
| 005 | 20221005104929.0 | ||
| 006 | a|||||r|||| 00| 0 | ||
| 007 | ta | ||
| 008 | 221004b |||||||| |||| 00| 0 hin d | ||
| 020 |
_a9788190553438 (hbk) _c395 |
||
| 024 | _a100156 | ||
| 037 |
_b368, 04/03/2010, Swaraj Prakashan _cTextual |
||
| 040 |
_aCRL _cCRL _bhin |
||
| 041 |
_2hin _ahin |
||
| 082 | _aV2yM91, 152P8 | ||
| 100 | _aतेज सिंह, संपा. | ||
| 245 | 0 | _aअम्बेडकरवादी विचारधारा और समाज | |
| 246 | _aAmbeḍakaravādī vichāradhārā aur samāja | ||
| 260 |
_aदिल्ली _bस्वराज प्रकाशन भारत _c2008 |
||
| 300 |
_a232पृ0 _ccm. |
||
| 650 | _aहिन्दी साहित्य | ||
| 942 |
_hV2yM91, 152P8 _cTEXL _2cc |
||
| 999 |
_c1014233 _d1014233 |
||